000 00464nam a2200181Ia 4500
001 2881
005 20260306144839.0
008 260306t2008||||xx |||||||||||||| ||spa||
041 _aESP
082 _a231.044
_bP46
100 _aPérez Prieto, Victorino [1954-...]
_eAUT
245 0 _aDios, hombre, mundo:
_bla trinidad en Raimon Panikkar
260 _c2008
300 _a533 páginas :
_c21 cm.
650 _aGEN
654 _aCHU
942 _cLIB
_dJUS
_fJUS
_2ddc
_n
999 _c2881
_d2881